[Event "SR 4. liga A21 2013/2014"]
[Site "?"]
[Date "2013.11.17"]
[Round "4.6"]
[White "Celustkova, Lubica"]
[Black "Curidlo, Jan"]
[Result "1-0"]
[WhiteElo "1618"]
[BlackElo "1852"]
[PlyCount "129"]
[EventDate "2013.??.??"]

1. e4 c5 2. Nf3 d6 3. Bb5+ Bd7 4. Bxd7+ Nxd7 5. c4 g6 6. d4 Bg7 7. b3 Ngf6 8.
Nc3 cxd4 9. Nxd4 Nc5 10. f3 O-O 11. O-O a6 12. Be3 e6 13. Nde2 Qc7 14. Qc2 b6
15. Rad1 Rfd8 16. Bg5 Rd7 17. f4 Qb7 18. Ng3 Ng4 19. Rfe1 h6 20. Bh4 b5 21. h3
Nf6 22. e5 dxe5 23. Rxe5 Qa7 24. Kh1 bxc4 25. bxc4 Rad8 26. Rxd7 Rxd7 27. Re1
Nd3 28. Rf1 Qd4 29. Nce2 Nf2+ 30. Kh2 Qe3 31. Qb3 Rd3 32. Qb8+ Kh7 33. Bxf6
Bxf6 34. Qf8 Ne4 35. Qxf7+ Bg7 36. Rf3 Nxg3 37. Rxe3 Nf1+ 38. Kg1 Nxe3 39. Qxe6
Nf5 40. Qxa6 h5 41. c5 Rd2 42. c6 Rc2 43. a4 Ne7 44. Qd3 Rxc6 45. Ng3 Rc3 46.
Qd7 Ng8 47. Ne4 Rc1+ 48. Kh2 Kh8 49. Qf7 Rc6 50. Qe8 Rb6 51. a5 Ra6 52. Qb5 Re6
53. Ng5 Re7 54. a6 Bd4 55. Qd5 Be3 56. Ne6 Ba7 57. f5 Bb8+ 58. g3 g5 59. f6 Rf7
60. Qxg5 Nxf6 61. Qh6+ Nh7 62. Ng5 Rg7 63. Nxh7 Bxg3+ 64. Kh1 h4 65. Nf6+ 1-0

[Event "SR 4. liga A21 2013/2014"]
[Site "?"]
[Date "2013.11.17"]
[Round "4.6"]
[White "Sedlak, Rastislav"]
[Black "Klimes, Karel"]
[Result "1/2-1/2"]
[WhiteElo "1761"]
[BlackElo "1651"]
[PlyCount "36"]
[EventDate "2013.??.??"]

1. e4 e5 2. Nf3 Nc6 3. Bc4 Be7 4. O-O Nf6 5. Nc3 O-O 6. d3 d6 7. h3 Na5 8. Bb3
Nxb3 9. axb3 Be6 10. Bg5 Nd7 11. Bxe7 Qxe7 12. Re1 a6 13. d4 exd4 14. Nxd4 Qg5
15. Re3 Nf6 16. Rg3 Qe5 17. Qd3 Nh5 18. Nxe6 fxe6 1/2-1/2

[Event "SR 4. liga A21 2013/2014"]
[Site "?"]
[Date "2013.11.17"]
[Round "4.6"]
[White "Kanka, Tomas"]
[Black "Oravec, Pavol"]
[Result "1/2-1/2"]
[WhiteElo "1688"]
[BlackElo "1576"]
[PlyCount "43"]
[EventDate "2013.??.??"]

1. Nc3 d5 2. d4 Bf5 3. Nf3 e6 4. a3 Nf6 5. g3 Nbd7 6. Bg2 Ne4 7. Nxe4 Bxe4 8.
O-O Be7 9. Re1 O-O 10. Nd2 Bxg2 11. Kxg2 Nf6 12. e4 dxe4 13. Nxe4 Nxe4 14. Rxe4
Qd5 15. Qf3 Bf6 16. c3 Rac8 17. Be3 Qb3 18. Bh6 Rfe8 19. Qxf6 gxf6 20. Rg4+ Kh8
21. Bg7+ Kg8 22. Bh6+ 1/2-1/2

[Event "SR 4. liga A21 2013/2014"]
[Site "?"]
[Date "2013.11.17"]
[Round "4.6"]
[White "Skrabak, Tomas"]
[Black "Klimesova, Lucia"]
[Result "1/2-1/2"]
[WhiteElo "1360"]
[BlackElo "1524"]
[PlyCount "73"]
[EventDate "2013.??.??"]

1. e4 e5 2. Nf3 Nc6 3. Nc3 Bc5 4. Bb5 Nge7 5. a3 a6 6. Ba4 b5 7. Bb3 O-O 8. O-O
d6 9. Ne2 Bg4 10. Nc3 Nd4 11. d3 Bxf3 12. gxf3 h6 13. Be3 Nxb3 14. cxb3 Bxe3
15. fxe3 f5 16. Rf2 f4 17. exf4 Rxf4 18. Ne2 Rh4 19. Ng3 Ng6 20. d4 Qg5 21.
dxe5 Qxe5 22. Rc1 c5 23. Rc3 Nf4 24. Rd2 Rd8 25. Nf5 Rh5 26. Kh1 Nh3 27. Rg2
Rg5 28. Qd5+ Qxd5 29. Ne7+ Kf7 30. Nxd5 Rxg2 31. Kxg2 Ng5 32. Kg3 Ke6 33. h4
Nf7 34. f4 g6 35. Kg4 h5+ 36. Kf3 Nh6 37. Ne3 1/2-1/2

[Event "SR 4. liga A21 2013/2014"]
[Site "?"]
[Date "2013.12.08"]
[Round "5.1"]
[White "Nemeckay, Rastislav"]
[Black "Podjavorinsky, Michal"]
[Result "1/2-1/2"]
[WhiteElo "1986"]
[BlackElo "1719"]
[PlyCount "152"]
[EventDate "2013.??.??"]

1. e4 e6 2. d4 d5 3. e5 c5 4. c3 Nc6 5. Nf3 Bd7 6. a3 cxd4 7. cxd4 Nge7 8. b4
Qb6 9. Be2 Nf5 10. Bb2 Be7 11. O-O O-O 12. Bd3 Rfc8 13. Bxf5 exf5 14. Qb3 Be6
15. Nbd2 Rc7 16. Rfc1 Rac8 17. Qd3 Na5 18. Rxc7 Rxc7 19. Rc1 Rxc1+ 20. Bxc1 Qc6
21. Bb2 Nc4 22. Qc3 a6 23. Nb3 b6 24. Bc1 Nxe5 25. Qxc6 Nxc6 26. Kf1 Kf8 27.
Ke2 a5 28. b5 Na7 29. a4 Nc8 30. Ng1 Nd6 31. f3 Nc4 32. f4 f6 33. Nf3 Bf7 34.
Nh4 Bh5+ 35. Ke1 Bb4+ 36. Bd2 Bxd2+ 37. Nxd2 Nb2 38. Nxf5 Nxa4 39. Ne3 Nc3 40.
Nb3 Bf7 41. Nxa5 Nxb5 42. Nb3 g6 43. Kd2 Ke7 44. Kd3 Kd6 45. g3 h5 46. Nc2 g5
47. Ke3 Be8 48. Nb4 Na3 49. fxg5 fxg5 50. h4 gxh4 51. gxh4 Ba4 52. Nc1 Nc2+ 53.
Nxc2 Bxc2 54. Ne2 b5 55. Kd2 Be4 56. Kc3 Ke7 57. Kb4 Bd3 58. Nf4 Bc4 59. Nxh5
Kf7 60. Nf4 Kg7 61. Kc5 Kh6 62. Nxd5 Kh5 63. Nc3 Kxh4 64. Nxb5 Bg8 65. Kd6 Kg5
66. Ke5 Ba2 67. Nc3 Bc4 68. Ne4+ Kg6 69. Nc5 Ba2 70. Nd7 Kf7 71. Kd6 Ke8 72.
Ne5 Kd8 73. Kc5 Bg8 74. Nc6+ Kc7 75. Ne7 Ba2 76. Nf5 Kd7 1/2-1/2

[Event "SR 4. liga A21 2013/2014"]
[Site "?"]
[Date "2013.12.08"]
[Round "5.1"]
[White "Miciak, Emanuel"]
[Black "Klimes, Karel"]
[Result "1-0"]
[WhiteElo "1896"]
[BlackElo "1651"]
[PlyCount "87"]
[EventDate "2013.??.??"]

1. d4 d5 2. c4 Nf6 3. Nf3 e6 4. Bg5 Be7 5. e3 O-O 6. Nc3 c6 7. Bd3 dxc4 8. Bxc4
Nbd7 9. O-O Nd5 10. Bxe7 Qxe7 11. Rc1 N7f6 12. Bd3 Bd7 13. Bb1 Nxc3 14. Rxc3
Nd5 15. Rc1 f5 16. Ne5 Nf6 17. a3 Rfd8 18. Ba2 Be8 19. Qc2 Nd7 20. Qxf5 Nxe5
21. Qxe5 Bf7 22. f4 Re8 23. Rc3 Qd7 24. Rfc1 Rad8 25. b4 a6 26. Bb3 Qe7 27. Rc5
Rd6 28. Rf1 Qd7 29. Rf3 Rf8 30. Qg5 Kh8 31. Bc2 Rd5 32. Qh4 g6 33. Rh3 Be8 34.
Be4 Rxc5 35. bxc5 Qg7 36. g4 Bd7 37. Qg5 Rf6 38. Rh6 Be8 39. Qh4 Kg8 40. Rxh7
Qxh7 41. Qxf6 Bf7 42. Kg2 Qh6 43. Kg3 Qf8 44. Bxg6 1-0

[Event "SR 4. liga A21 2013/2014"]
[Site "?"]
[Date "2013.12.08"]
[Round "5.1"]
[White "Kanka, Tomas"]
[Black "Podjavorinsky, Peter"]
[Result "1/2-1/2"]
[WhiteElo "1688"]
[BlackElo "1707"]
[PlyCount "78"]
[EventDate "2013.??.??"]

1. Nc3 Nf6 2. e4 e5 3. Nf3 Nc6 4. d4 Bb4 5. dxe5 Nxe4 6. Qd3 Nxc3 7. bxc3 Be7
8. Qe4 d5 9. exd6 Qxd6 10. Bb2 Qe6 11. Bd3 Bf6 12. O-O-O Qxe4 13. Bxe4 Na5 14.
Ba3 Bxc3 15. Rd3 Bf6 16. Re1 Be6 17. Bd5 O-O-O 18. Bxe6+ fxe6 19. Rxe6 Rxd3 20.
cxd3 Rd8 21. Kc2 Nc6 22. Re4 Rd5 23. g4 Nd4+ 24. Nxd4 Rxd4 25. f4 h6 26. Bb2
Rxe4 27. dxe4 Bxb2 28. Kxb2 g5 29. f5 c5 30. Kc3 b5 31. e5 Kd7 32. Kd3 a5 33.
a3 Ke7 34. Kc3 Kf7 35. Kb3 Ke7 36. a4 b4 37. Kc4 Kf7 38. Kb3 Ke7 39. Kc4 Kf7
1/2-1/2

[Event "SR 4. liga A21 2013/2014"]
[Site "?"]
[Date "2013.12.08"]
[Round "5.1"]
[White "Madzo, Anton"]
[Black "Wallner, Juraj"]
[Result "0-1"]
[WhiteElo "1611"]
[BlackElo "1512"]
[PlyCount "79"]
[EventDate "2013.??.??"]

1. Nf3 d5 2. d4 e6 3. g3 c5 4. Bg2 Nc6 5. O-O Nf6 6. Bg5 cxd4 7. Nxd4 Be7 8.
Bxf6 Bxf6 9. c3 O-O 10. e3 Qb6 11. b3 Bd7 12. Na3 Qc5 13. Qc1 Rac8 14. b4 Qe7
15. Qd2 Ne5 16. f4 Nc4 17. Nxc4 Rxc4 18. Rac1 Rfc8 19. a3 Ba4 20. Rfe1 Qc7 21.
Ne2 Bb5 22. Nd4 Bxd4 23. exd4 Rxc3 24. Rxc3 Qxc3 25. Qxc3 Rxc3 26. Ra1 a6 27.
a4 Bc4 28. b5 g6 29. bxa6 bxa6 30. a5 Rd3 31. Bf1 Rxd4 32. Bxc4 Rxc4 33. Ra2
Rc5 34. Kf2 Kf8 35. Ke3 Ke7 36. Kd4 Kd6 37. Ra3 Kc6 38. h4 f6 39. Re3 Rc4+ 40.
Kd3 0-1

[Event "SR 4. liga A21 2013/2014"]
[Site "?"]
[Date "2013.12.08"]
[Round "5.1"]
[White "Nemeckay, Dominik"]
[Black "Kosinar, Oto"]
[Result "1-0"]
[WhiteElo "1415"]
[BlackElo "1000"]
[PlyCount "23"]
[EventDate "2013.??.??"]

1. e4 e5 2. Nf3 Nc6 3. Bc4 Nf6 4. d3 d5 5. exd5 Nxd5 6. Bb5 Bd6 7. O-O Bd7 8.
Re1 O-O 9. Bxc6 Bxc6 10. Nxe5 Qc8 11. Nf3 Nf6 12. Nc3 {nie je mozné pokracovat}
1-0

[Event "SR 4. liga A21 2013/2014"]
[Site "?"]
[Date "2013.12.08"]
[Round "5.2"]
[White "Hudacek, Josef"]
[Black "Gono, Michal"]
[Result "0-1"]
[WhiteElo "2040"]
[BlackElo "1941"]
[PlyCount "64"]
[EventDate "2013.??.??"]

1. e4 c5 2. Ne2 a6 3. g3 d5 4. e5 Qc7 5. f4 Nc6 6. Bg2 e6 7. c3 c4 8. d4 cxd3
9. Qxd3 Bc5 10. b4 Ba7 11. Be3 Bxe3 12. Qxe3 Nge7 13. g4 g5 14. fxg5 Qxe5 15.
Kd2 Rg8 16. h4 Qxe3+ 17. Kxe3 e5 18. Bh3 Be6 19. Nd2 O-O-O 20. Nf3 Kb8 21. a3
Nc8 22. Raf1 Nd6 23. Nd2 d4+ 24. cxd4 exd4+ 25. Nxd4 Nxd4 26. Kxd4 Nc4+ 27. Kc3
Nxd2 28. Rf4 b5 29. Re1 Nc4 30. Bg2 Rc8 31. Bh1 Nxa3+ 32. Kb2 Rc2+ 0-1

[Event "SR 4. liga A21 2013/2014"]
[Site "?"]
[Date "2013.12.08"]
[Round "5.2"]
[White "Curidlo, Jan"]
[Black "Kubis, Ivan"]
[Result "1/2-1/2"]
[WhiteElo "1852"]
[BlackElo "1992"]
[PlyCount "132"]
[EventDate "2013.??.??"]

1. e4 e5 2. Nf3 Nc6 3. Bb5 a6 4. Ba4 Nf6 5. O-O Be7 6. Re1 b5 7. Bb3 O-O 8. c3
d5 9. exd5 Nxd5 10. h3 Bb7 11. d4 exd4 12. Nxd4 Nxd4 13. Qxd4 c5 14. Qg4 Nf6
15. Qe2 Re8 16. Be3 c4 17. Bc2 Qd5 18. Qf1 Rad8 19. Rd1 Qc6 20. Nd2 Bc5 21.
Bxc5 Qxc5 22. Nf3 Bxf3 23. gxf3 a5 24. Rxd8 Rxd8 25. Rd1 Rb8 26. Rd4 g6 27. a3
Re8 28. f4 Qe7 29. a4 Qe2 30. Qd1 b4 31. cxb4 axb4 32. Qxe2 Rxe2 33. Rxc4 b3
34. Bxb3 Rxb2 35. Rb4 Kg7 36. a5 Rb1+ 37. Kg2 Ra1 38. Ra4 Rxa4 39. Bxa4 Nd5 40.
a6 Nxf4+ 41. Kf3 Ne6 42. a7 Nc7 43. Bc6 Kf6 44. h4 Ke5 45. a8=Q Nxa8 46. Bxa8
f5 47. Bc6 h6 48. Be8 g5 49. hxg5 hxg5 50. Ke3 g4 51. Bc6 f4+ 52. Ke2 Kd4 53.
Bb7 Ke5 54. Bc8 g3 55. f3 Kd4 56. Bh3 Kc3 57. Bf1 Kc2 58. Ke1 Kc3 59. Ba6 Kc2
60. Bb5 Kc1 61. Bd3 Kb2 62. Kf1 Kc3 63. Ba6 Kd2 64. Kg2 Ke1 65. Bc4 Kd2 66. Kg1
Ke3 1/2-1/2

[Event "SR 4. liga A21 2013/2014"]
[Site "?"]
[Date "2013.12.08"]
[Round "5.2"]
[White "Vogl, Zdenek"]
[Black "Gubis, Vladimir"]
[Result "1/2-1/2"]
[WhiteElo "1899"]
[BlackElo "1796"]
[PlyCount "95"]
[EventDate "2013.??.??"]

1. e4 c5 2. Nf3 d6 3. d4 cxd4 4. Nxd4 Nf6 5. Nc3 a6 6. Bg5 e6 7. Bc4 Be7 8. Bb3
Qc7 9. O-O Nc6 10. a3 Bd7 11. Be3 Rc8 12. f4 Na5 13. Rc1 Nc4 14. Bxc4 Qxc4 15.
e5 dxe5 16. fxe5 Nd5 17. Nxd5 Qxd5 18. Qh5 Bf6 19. Nf3 g6 20. Qh6 Bxe5 21. Rcd1
Qe4 22. Nxe5 Rxc2 23. Rf2 Rxf2 24. Bxf2 Qxe5 25. Qd2 Qd5 26. Qc2 Qc6 27. Qd3
Qd5 28. Qe2 Bb5 29. Qc2 Qc6 30. Qd2 Qd5 31. Qe1 Qh5 32. Bh4 O-O 33. Bf6 Qe2 34.
Qxe2 Bxe2 35. Rd7 h6 36. Kf2 Bb5 37. Rxb7 g5 38. Rb6 Kh7 39. a4 Bxa4 40. Rxa6
Bb3 41. Ra3 Rb8 42. Be5 Rb7 43. Ra8 f6 44. Bc3 Rf7 45. Rb8 Bd5 46. g3 h5 47.
Re8 Kg6 48. Rh8 1/2-1/2

[Event "SR 4. liga A21 2013/2014"]
[Site "?"]
[Date "2013.12.08"]
[Round "5.2"]
[White "Sedlak, Rastislav"]
[Black "Kubik, Peter"]
[Result "1-0"]
[WhiteElo "1761"]
[BlackElo "1824"]
[PlyCount "141"]
[EventDate "2013.??.??"]

1. e4 e5 2. Nf3 Nc6 3. Bc4 Bc5 4. O-O Nf6 5. d3 h6 6. Nc3 d6 7. h3 Na5 8. Bb3
c6 9. Na4 Bb6 10. Nxb6 axb6 11. c3 Nxb3 12. Qxb3 Be6 13. c4 O-O 14. a3 Qc7 15.
Qc3 Rfd8 16. b4 Ra4 17. Bb2 Nh5 18. Bc1 Qe7 19. Be3 c5 20. b5 Qf6 21. Nh2 Qg6
22. Kh1 f5 23. exf5 Bxf5 24. g4 Bxd3 25. gxh5 Qe4+ 26. f3 Qxe3 27. Rad1 e4 28.
Rfe1 Rxc4 29. Qxc4+ Bxc4 30. Rxe3 exf3 31. Nxf3 Bxb5 32. Rb1 Bc6 33. Rxb6 d5
34. Ne5 Re8 35. Kg1 d4 36. Re1 c4 37. Kf2 Rf8+ 38. Ke2 d3+ 39. Ke3 Re8 40. Kd2
Rf8 41. Nxc4 Rf2+ 42. Kxd3 Rh2 43. Re3 Rh1 44. Ne5 Bg2 45. a4 Bxh3 46. Rxb7
Bf5+ 47. Kd4 Rh4+ 48. Kc5 Rxa4 49. Rb8+ Kh7 50. Nf7 g6 51. Re7 Kg7 52. hxg6
Kxg6 53. Rb6+ Kh5 54. Rxh6+ Kg4 55. Rf6 Bc2 56. Re8 Rf4 57. Rg8+ Kf3 58. Rxf4+
Kxf4 59. Kd4 Bb1 60. Nd6 Kf3 61. Rf8+ Kg4 62. Ke5 Kg5 63. Rg8+ Kh5 64. Kf4 Bc2
65. Ne4 Bb1 66. Rg1 Bc2 67. Nf6+ Kh6 68. Nd5 Kh5 69. Ne3 Bd3 70. Nf5 Bxf5 71.
Kxf5 1-0

[Event "SR 4. liga A21 2013/2014"]
[Site "?"]
[Date "2013.12.08"]
[Round "5.2"]
[White "Vach, Jozef"]
[Black "Divinec, Peter"]
[Result "1-0"]
[WhiteElo "1799"]
[BlackElo "1292"]
[PlyCount "35"]
[EventDate "2013.??.??"]

1. e4 e5 2. f4 exf4 3. Nf3 d6 4. d4 Bg4 5. Bc4 Bxf3 6. Qxf3 Nc6 7. Qxf4 Qf6 8.
c3 Qxf4 9. Bxf4 f6 10. Nd2 g5 11. Bg3 O-O-O 12. b4 a6 13. a4 Nce7 14. O-O Ng6
15. Be6+ Kb8 16. a5 Nh6 17. Rfb1 d5 18. b5 1-0

[Event "SR 4. liga A21 2013/2014"]
[Site "?"]
[Date "2013.12.08"]
[Round "5.3"]
[White "Slaby, Jozef"]
[Black "Hirmajer, Jan"]
[Result "0-1"]
[WhiteElo "1874"]
[BlackElo "1957"]
[PlyCount "88"]
[EventDate "2013.??.??"]

1. c4 Nf6 2. Nc3 g6 3. e4 d6 4. d4 Bg7 5. f3 O-O 6. Be3 b6 7. Bd3 Na6 8. a3 c5
9. d5 e6 10. Nge2 exd5 11. cxd5 Nc7 12. Qd2 Re8 13. O-O Bd7 14. Bg5 b5 15. Nd1
a5 16. Nf2 Qc8 17. Rac1 Qb7 18. Bf4 Qb6 19. Kh1 b4 20. axb4 axb4 21. Bc4 Bb5
22. Bxb5 Nxb5 23. Nd3 Nh5 24. Be3 Nd4 25. Nxd4 cxd4 26. Bf2 b3 27. Rc3 Qb5 28.
Rfc1 f5 29. exf5 Qxd5 30. fxg6 hxg6 31. Nb4 Qe5 32. Re1 Qb5 33. Rcc1 Rxe1+ 34.
Rxe1 Rb8 35. Nd3 Rc8 36. Rd1 Rc2 37. Qe1 Be5 38. g4 Ng7 39. f4 Qb7+ 40. Kg1 Bf6
41. Rd2 Qf3 42. g5 Bd8 43. Nb4 Ba5 44. Nxc2 bxc2 0-1

[Event "SR 4. liga A21 2013/2014"]
[Site "?"]
[Date "2013.12.08"]
[Round "5.3"]
[White "Lajda, Dusan"]
[Black "Vagovic, Milan"]
[Result "1-0"]
[WhiteElo "1863"]
[BlackElo "1702"]
[PlyCount "81"]
[EventDate "2013.??.??"]

1. e4 c5 2. Nf3 Nc6 3. d4 cxd4 4. Nxd4 Nf6 5. Nc3 e5 6. Ndb5 d6 7. Bg5 a6 8.
Na3 b5 9. Bxf6 gxf6 10. Nd5 f5 11. exf5 Bxf5 12. Qf3 Nd4 13. Nc7+ Qxc7 14.
Qxa8+ Bc8 15. c3 Ne6 16. Nc2 Nd8 17. Qd5 Be6 18. Qd2 Nc6 19. a4 Na5 20. Rd1 Nb3
21. Qe3 bxa4 22. Nb4 a5 23. Bb5+ Bd7 24. Nd5 Qd8 25. Bxd7+ Kxd7 26. Nb6+ Ke6
27. Nxa4 Qd7 28. Nb6 Qb5 29. Nd5 Qc4 30. Qh3+ f5 31. Qxf5+ Kxf5 32. Ne3+ Ke6
33. Nxc4 Be7 34. O-O Rc8 35. Ne3 Bg5 36. g3 Bd8 37. Rfe1 Bg5 38. f4 exf4 39.
Nd5+ Kf5 40. gxf4 Bxf4 41. Ne7+ 1-0

[Event "SR 4. liga A21 2013/2014"]
[Site "?"]
[Date "2013.12.08"]
[Round "5.3"]
[White "Kupkovic, Miroslav"]
[Black "Bjel, Jan"]
[Result "1/2-1/2"]
[WhiteElo "1726"]
[BlackElo "1859"]
[PlyCount "33"]
[EventDate "2013.??.??"]

1. d4 Nf6 2. c4 e6 3. g3 d5 4. Bg2 Be7 5. Nf3 O-O 6. Qc2 c6 7. O-O Nbd7 8. Bg5
Re8 9. Nbd2 h6 10. Bxf6 Bxf6 11. e3 Nb6 12. Rfd1 Qc7 13. Rac1 Qe7 14. Ne5 Nd7
15. Ng4 dxc4 16. Nxf6+ Qxf6 17. Ne4 1/2-1/2

[Event "SR 4. liga A21 2013/2014"]
[Site "?"]
[Date "2013.12.08"]
[Round "5.3"]
[White "Tomasovic, Martin"]
[Black "Pripko, Bystrik"]
[Result "1/2-1/2"]
[WhiteElo "1715"]
[BlackElo "1721"]
[PlyCount "65"]
[EventDate "2013.??.??"]

1. e4 e5 2. Nf3 Nc6 3. Bb5 a6 4. Ba4 b5 5. Bb3 Bc5 6. d3 h6 7. O-O Nf6 8. Nc3
d6 9. Nd5 Nd4 10. c3 Nxb3 11. Qxb3 Be6 12. d4 exd4 13. cxd4 Ba7 14. Nxf6+ Qxf6
15. d5 Bg4 16. h3 Bxf3 17. Qxf3 Qxf3 18. gxf3 Bd4 19. Rb1 Rc8 20. Be3 Bxe3 21.
fxe3 f6 22. Rfc1 Kd7 23. Rc6 Ra8 24. Rbc1 Ra7 25. b4 Re8 26. Kf2 g5 27. Ra1 a5
28. bxa5 Rxa5 29. Kg3 h5 30. Rac1 Ra7 31. R1c2 Re5 32. R2c3 Re7 33. a3 1/2-1/2

[Event "SR 4. liga A21 2013/2014"]
[Site "?"]
[Date "2013.12.08"]
[Round "5.3"]
[White "Piestansky, Jan"]
[Black "Holan, Jaroslav"]
[Result "1/2-1/2"]
[WhiteElo "1658"]
[BlackElo "1463"]
[PlyCount "98"]
[EventDate "2013.??.??"]

1. e4 e6 2. Nf3 g6 3. d4 Bg7 4. c3 Nc6 5. Bd3 d6 6. h3 Nf6 7. Bg5 e5 8. d5 Ne7
9. Nbd2 c6 10. c4 O-O 11. O-O Bd7 12. Rc1 c5 13. a3 Qb6 14. b3 Rae8 15. Nh2 Nh5
16. g4 Nf6 17. f4 h6 18. Bh4 Nh7 19. f5 g5 20. Bf2 f6 21. Qc2 Qc7 22. b4 b6 23.
bxc5 bxc5 24. Rb1 Rb8 25. Rxb8 Rxb8 26. Rb1 Nc8 27. Nhf3 Nb6 28. Qb2 Rb7 29.
Bc2 Bc8 30. Qa1 Qf7 31. a4 Qc7 32. a5 Nd7 33. Rxb7 Qxb7 34. Qb1 Qc7 35. Nb3 Nb8
36. Be1 Na6 37. Bd3 Bf8 38. Bc3 Be7 39. Nfd2 Bd8 40. Qa2 Qb7 41. Nb1 Nb4 42.
Bxb4 Qxb4 43. N1d2 Bd7 44. Qa1 Ba4 45. Qa2 Bxa5 46. Nxa5 Qxa5 47. Kf2 Qb4 48.
Ke3 a5 49. Ke2 Nf8 1/2-1/2

[Event "SR 4. liga A21 2013/2014"]
[Site "?"]
[Date "2013.12.08"]
[Round "5.4"]
[White "Ocko, Martin"]
[Black "Sadlon, Juraj"]
[Result "1-0"]
[WhiteElo "1736"]
[BlackElo "1801"]
[PlyCount "77"]
[EventDate "2013.??.??"]

1. d4 Nf6 2. c4 e6 3. Nf3 d5 4. e3 Nbd7 5. Nc3 Be7 6. b3 O-O 7. Be2 c5 8. O-O
cxd4 9. exd4 a6 10. Ne5 Re8 11. f4 Qc7 12. Bb2 b6 13. Rc1 Qd6 14. Kh1 Bb7 15.
Bf3 Rad8 16. Na4 Rc8 17. c5 bxc5 18. dxc5 Nxc5 19. Ba3 Nfd7 20. Nxd7 Qxd7 21.
Bxc5 Qb5 22. Be2 Qa5 23. b4 Qd8 24. Nb6 Rc6 25. Na4 Bxc5 26. Nxc5 Qb6 27. Nxb7
Qxb7 28. Qa4 Rec8 29. Rxc6 Rxc6 30. b5 axb5 31. Qxb5 Qxb5 32. Bxb5 Rc2 33. a4
Kf8 34. h3 Ke7 35. Ra1 Kd6 36. a5 Kc7 37. a6 Kb8 38. a7+ Ka8 39. Ra6 1-0

[Event "SR 4. liga A21 2013/2014"]
[Site "?"]
[Date "2013.12.08"]
[Round "5.4"]
[White "Buran, Andrej ml"]
[Black "Sadlon, Matus"]
[Result "0-1"]
[WhiteElo "1392"]
[BlackElo "1582"]
[PlyCount "98"]
[EventDate "2013.??.??"]

1. e4 e5 2. Nf3 Nc6 3. d4 exd4 4. Nxd4 Bc5 5. Be3 Nxd4 6. Bxd4 Bxd4 7. Qxd4 Qf6
8. Qxf6 Nxf6 9. Nc3 a6 10. O-O-O O-O 11. h3 Re8 12. Bd3 b5 13. Rhe1 d6 14. Nd5
Nxd5 15. exd5 Bb7 16. Be4 g6 17. Bf3 Kf8 18. Kd2 Re5 19. Rxe5 dxe5 20. Re1 f6
21. Kc1 Rd8 22. Rd1 Rd6 23. b3 b4 24. Kb2 f5 25. g3 a5 26. c3 e4 27. Bg2 Rxd5
28. Rxd5 Bxd5 29. c4 Bb7 30. Kc2 g5 31. Kd2 Ke7 32. Ke3 c5 33. h4 h6 34. f3
exf3 35. Bxf3 Bxf3 36. Kxf3 Ke6 37. h5 Ke5 38. Ke3 g4 39. Ke2 f4 40. Kf2 fxg3+
41. Kxg3 Kf5 42. Kg2 Kf4 43. Kf1 Kf3 44. Kg1 g3 45. Kf1 g2+ 46. Kg1 Kg3 47. a3
bxa3 48. b4 a2 49. bxa5 a1=R# 0-1

[Event "SR 4. liga A21 2013/2014"]
[Site "?"]
[Date "2013.12.08"]
[Round "5.4"]
[White "Perickova, Jana"]
[Black "Filipek, Norbert"]
[Result "1-0"]
[WhiteElo "1534"]
[BlackElo "1291"]
[PlyCount "77"]
[EventDate "2013.??.??"]

1. e4 c5 2. Nf3 e6 3. Nc3 d6 4. Be2 Be7 5. O-O Nc6 6. d4 cxd4 7. Nxd4 Nf6 8.
Be3 O-O 9. f4 a6 10. e5 Nxd4 11. Qxd4 dxe5 12. Qxe5 b5 13. Rad1 Nd7 14. Qe4 Rb8
15. f5 Bb7 16. Qg4 exf5 17. Qxf5 Bc6 18. Bf3 Bxf3 19. Rxf3 Rb7 20. Ne4 Qc8 21.
c3 Bf6 22. Nd6 Qc6 23. Nxb7 Qxb7 24. Qxd7 Qxd7 25. Rxd7 h6 26. Bd4 Bg5 27. Be3
Bf6 28. Rg3 Re8 29. Kf1 Bh4 30. Rf3 Bf6 31. Bd4 Bxd4 32. cxd4 Rf8 33. d5 f6 34.
d6 Rc8 35. Rc7 Rd8 36. d7 Kh7 37. Re3 a5 38. Re8 Rxe8 39. dxe8=Q 1-0

[Event "SR 4. liga A21 2013/2014"]
[Site "?"]
[Date "2013.12.08"]
[Round "5.5"]
[White "Orvisky, Vladimir"]
[Black "Vepy, Ivan"]
[Result "1-0"]
[WhiteElo "1817"]
[BlackElo "1926"]
[PlyCount "83"]
[EventDate "2013.??.??"]

1. c4 e5 2. Nc3 Nf6 3. Nf3 d6 4. g3 Nc6 5. Bg2 Be7 6. d4 exd4 7. Nxd4 Nxd4 8.
Qxd4 O-O 9. O-O h6 10. Rd1 Re8 11. b4 Nd7 12. Bb2 Bf6 13. Qd2 Nb6 14. Nd5 Bxb2
15. Qxb2 Nxd5 16. Bxd5 Qe7 17. Rd2 Rb8 18. b5 Be6 19. Rc1 a6 20. a4 Rec8 21.
Bf3 Rd8 22. Qc3 Qg5 23. Qd4 c6 24. bxc6 bxc6 25. Bxc6 Rbc8 26. Bd5 Rc5 27. Rcd1
Bxd5 28. cxd5 Rdc8 29. h4 Qg6 30. Qf4 Re8 31. e3 Re4 32. Qf3 Rxa4 33. Rd4 Rca5
34. Rxa4 Rxa4 35. Rc1 Rxh4 36. Kf1 Qd3+ 37. Kg2 Rc4 38. Ra1 Rc2 39. e4 Qc4 40.
Rb1 Re2 41. Rb8+ Kh7 42. Qf5+ 1-0

[Event "SR 4. liga A21 2013/2014"]
[Site "?"]
[Date "2013.12.08"]
[Round "5.5"]
[White "Jarabek, Milan"]
[Black "Krchnak, Rudolf"]
[Result "1-0"]
[WhiteElo "1744"]
[BlackElo "1821"]
[PlyCount "73"]
[EventDate "2013.??.??"]

1. e4 d6 2. d4 Nf6 3. Nc3 c6 4. Nf3 Bg4 5. h3 Bh5 6. Be3 Nbd7 7. Bd3 Qa5 8. Qd2
e5 9. g4 Bg6 10. O-O-O Be7 11. Kb1 O-O 12. Nh4 exd4 13. Bxd4 Nxe4 14. Bxe4 Bxe4
15. Nxe4 Qxd2 16. Rxd2 d5 17. Nf5 Bb4 18. c3 Ba5 19. Neg3 f6 20. b4 Bc7 21. Re2
Rfe8 22. Rhe1 Kf7 23. Re7+ Kf8 24. Rxe8+ Rxe8 25. Rxe8+ Kxe8 26. Nxg7+ Kf7 27.
N7f5 b6 28. Kc2 c5 29. bxc5 bxc5 30. Be3 Ke6 31. Kb3 a6 32. Ne2 Bb6 33. Kc2 Bc7
34. Nf4+ Bxf4 35. Bxf4 Nf8 36. Kb3 Nd7 37. Ka4 1-0

[Event "SR 4. liga A21 2013/2014"]
[Site "?"]
[Date "2013.12.08"]
[Round "5.5"]
[White "Smrek, Peter"]
[Black "Zlamal, Marek"]
[Result "1-0"]
[WhiteElo "1811"]
[BlackElo "1638"]
[PlyCount "67"]
[EventDate "2013.??.??"]

1. e4 c5 2. Nf3 Nc6 3. d4 cxd4 4. Nxd4 e5 5. Nb3 Nf6 6. Bg5 Be7 7. Bxf6 Bxf6 8.
Nc3 Ne7 9. g3 O-O 10. Bg2 a6 11. Qd2 Qc7 12. O-O-O b5 13. f4 exf4 14. e5 Bxe5
15. Bxa8 fxg3 16. hxg3 Bxg3 17. Qd3 Ng6 18. Nd5 Qe5 19. Rdg1 Bh4 20. Nd4 Bg5+
21. Kb1 Bh6 22. Nf5 Re8 23. Nxh6+ gxh6 24. Qf3 Kg7 25. Rf1 Rf8 26. Rh5 Qe6 27.
Qc3+ f6 28. Rhf5 d6 29. Rxf6 Rxf6 30. Rxf6 Qe5 31. Qc7+ Ne7 32. Rf1 Bh3 33.
Rg1+ Kf7 34. Qxe7+ 1-0

[Event "SR 4. liga A21 2013/2014"]
[Site "?"]
[Date "2013.12.08"]
[Round "5.5"]
[White "Antalek, Rudolf"]
[Black "Kosiarcik, Maximilian"]
[Result "0-1"]
[WhiteElo "1533"]
[BlackElo "1239"]
[PlyCount "110"]
[EventDate "2013.??.??"]

1. e4 c6 2. d4 d5 3. exd5 cxd5 4. Nf3 Bf5 5. Be2 Nf6 6. Be3 Qc7 7. c3 e6 8. O-O
Be7 9. Nbd2 O-O 10. Rc1 Qa5 11. Qb3 Nbd7 12. c4 Rfc8 13. a3 b6 14. Rc3 Qa6 15.
Rfc1 Rc6 16. cxd5 Rxc3 17. Bxa6 Rxb3 18. Nxb3 Nxd5 19. Bb7 Rb8 20. Bxd5 exd5
21. Rc7 Ra8 22. Ne5 Bd6 23. Rc6 Bxe5 24. dxe5 Nxe5 25. Rd6 Be6 26. Nd4 Nc4 27.
Rc6 Nxe3 28. Nxe6 fxe6 29. fxe3 Kf7 30. Rc7+ Kf6 31. Kf2 a6 32. Ke2 Rf8 33. Rc6
Rb8 34. Rc7 h5 35. b4 e5 36. Ra7 b5 37. Rxa6+ Kf5 38. Rd6 Ke4 39. Rg6 Ra8 40.
Rxg7 Rxa3 41. Rg3 Rb3 42. Rh3 Rb2+ 43. Kf1 h4 44. Rxh4+ Kxe3 45. Rh3+ Kd4 46.
g4 Ke4 47. Kg1 d4 48. Kf1 Kf4 49. Rg3 Rxh2 50. Ra3 Kxg4 51. Ra5 d3 52. Rxb5 e4
53. Ke1 e3 54. Kf1 e2+ 55. Ke1 Rh1+ 0-1

[Event "SR 4. liga A21 2013/2014"]
[Site "?"]
[Date "2013.12.08"]
[Round "5.5"]
[White "Varga, Adam"]
[Black "Drabek, Martin"]
[Result "1-0"]
[WhiteElo "1216"]
[BlackElo "1456"]
[PlyCount "109"]
[EventDate "2013.??.??"]

1. e4 e5 2. Nf3 Nc6 3. Bc4 Bc5 4. Nc3 Nf6 5. d3 h6 6. O-O d6 7. h3 O-O 8. a3 a6
9. Qe1 Ba7 10. Be3 Nd4 11. Bxd4 Bxd4 12. Nxd4 exd4 13. Ne2 c5 14. b4 Nd7 15.
Rb1 Ne5 16. Bd5 Rb8 17. Qd2 Qf6 18. Qf4 Qg6 19. Qg3 Qxg3 20. Nxg3 b6 21. f4 Ng6
22. f5 Ne7 23. f6 Nxd5 24. fxg7 Kxg7 25. exd5 Re8 26. bxc5 dxc5 27. Nf5+ Bxf5
28. Rxf5 Kg6 29. Rbf1 Rb7 30. Rf6+ Kg7 31. Rc6 Re5 32. Rff6 Rxd5 33. Rxb6 Re7
34. Rxa6 Re2 35. Rf2 Rde5 36. Rc6 Re1+ 37. Rf1 R1e2 38. Rf2 Re1+ 39. Kh2 Ra1
40. Ra6 Re6 41. Ra7 Rf6 42. Rxf6 Kxf6 43. Ra5 Ra2 44. Rxc5 Rxa3 45. Kg3 Rc3 46.
Rxc3 dxc3 47. Kf4 Ke6 48. Ke4 Kd6 49. Kd4 f6 50. Kxc3 Kc5 51. d4+ Kd5 52. Kd3
f5 53. g3 h5 54. h4 Kd6 55. Kc4 1-0